00788nam a2200229 a 450000100100000000500170001000800410002702000250006804000250009308200160011810000660013424500640020025000110026426000420027530000210031749000170033853400330035583000240038804900090041295201200042199900170054100002312720200930022015.0101126s1993 fr r 000 0 spa d a2855664845z02904160 aDO-SdBNPbspacBNPHU axxxxbA311l1 aAivanhov, Omraam MikhaelqAïvanhov, omraam Mikhaël94761413aEl libro de la magia divina /cOmraam Mikhaël Aïvanhov. a3a ed. aFréjus, Francia :bProsveta,c1993. a208 p. ;c18 cm.1 aIzvor ;v226 aLe livre de la magie divine. 0aIzvor ;n226947615 aBNGR 001054708MOaGRbGRcCTd2010-11-26iLF1l0oxxxx A311lp23127-10r2020-06-25w2020-06-25y4ZPréstamo en sala c22624d22624